The Electric Circuits problem solver (Record no. 269183)

000 -LEADER
fixed length control field 00319 a2200121 4500
001 - CONTROL NUMBER
control field 34110
082 ## - DEWEY DECIMAL CLASSIFICATION NUMBER
Classification number 621.3192 FOG
090 ## - LOCALLY ASSIGNED LC-TYPE CALL NUMBER (OCLC); LOCAL CALL NUMBER (RLIN)
-- 22559
-- 22559
100 ## - MAIN ENTRY--PERSONAL NAME
Personal name Fogiel M
245 ## - TITLE STATEMENT
Title The Electric Circuits problem solver
Remainder of title problem solver
260 ## - PUBLICATION, DISTRIBUTION, ETC.
Place of publication, distribution, etc. NY
Name of publisher, distributor, etc. Research and Education association
Date of publication, distribution, etc. 1987
300 ## - PHYSICAL DESCRIPTION
Extent 1172P.
942 ## - ADDED ENTRY ELEMENTS (KOHA)
Institution code [OBSOLETE] NUST-CAE
Call number prefix 621.3192 DIR
Holdings
Withdrawn status Lost status Damaged status Not for loan Collection code Permanent Location Current Location Date acquired Total Checkouts Full call number Barcode Date last seen Price effective from Koha item type
          College of Aeronautical Engineering (CAE) College of Aeronautical Engineering (CAE) 04/03/2017   621.3192 DIR CAEG-2836 04/05/2017 04/05/2017 Book
© 2023 Central Library, National University of Sciences and Technology. All Rights Reserved.